000 02866cam a22002054a 4500
005 20250605164222.0
008 250528s ||||||||||||||||||||||||d
035 _a20694
020 _a9600301204
040 _aGR-AtMCL
_bgre
_dGR-AtMCL
_eAACR2
245 1 _aΤο Παιδί, η Οικογένεια και ο Εξωτερικός Κόσμος / Σύγχρονη Ψυχαναλυτική Βιβλιοθήκη
260 _bΚαστανιώτη,
_c1976
300 _a288
520 _aΗ θεματολογία του βιβλίου κυμαίνεται από τα προβλήματα της διατροφής, του αποθηλασμού και της έμφυτης βρεφικής ηθικής, μέχρι τις πραγματικές δυσκολίες των μοναχοπαίδων, την κλοπή, το ψέμα και τις πρώτες προσπάθειες ανεξαρτητοποίησης. Προλογικό Σημείωμα, Εισαγωγή, Μητέρα και Παιδί, Ένας Άντρας Εξετάζει τη Μητρότητα, Η Πρώτη Γνωριμία με το Βρέφος σας, Το Βρέφος σαν μία Ανεξάρτητα Δραστηριοποιημένη Οντότητα, Η Διατροφή του Βρέφους, Πού Πηγαίνει η Τροφή, Το Τέλος της Πεπτικής Διαδικασίας, Η Μητέρα Ταϊζει το Βρέφος, Ο Φυσικός Θηλασμός, Γιατί Κλαίει το Βρέφος, Ο Κόσμος σε Μικρές Δόσεις, Το Βρέφος σαν Πρόσωπο, Ο Απογαλακτισμός, Πρόσθετες Σκέψεις για το Βρέφος σαν Πρόσωπο, Η Έμφυτη Ηθική του Βρέφους, Ένστικτα και Φυσιολογικές Δυσκολίες, Τα Μικρά Παιδιά και οι Άλλοι, Η Οικογένεια, Ο Πατέρας, Τα Δικά σας Πρότυπα και τα Πρότυπα των Άλλων, Τι Εννοούμε όταν Λέμε Φυσιολογικό Παιδί, Το Μοναχοπαίδι, Τα Δίδυμα, Γιατί Παίζουν τα Παιδιά, Το Παιδί και η Σεξουαλικότητα, Η Κλοπή και το Ψέμα, Οι Πρώτες Απόπειρες Ανεξαρτητοποίησης, Υποστήριξη στους Φυσιολογικούς Γονείς, Ο Εξωτερικός Κόσμος, Οι Ανάγκες των Παιδιών μέχρι Πέντε Χρονών, Η Μητέρα και η Νηπιαγωγός και οι Ανάγκες του Παιδιού, Η Άσκηση Επιρροής και το Αποτέλεσμα της.
700 1 _aΒίννικοτ Ντ
_96662
700 1 _aΓιατζόγλου Χριστίνα
_96663
942 _cBK
999 _c5780
_d5780